000 00200nam a2200085Ia 4500
008 120527s9999 xx 000 0 und d
100 _aKessler, W. Jane
245 _aPsychology of childhood
942 _cBK
999 _c27517
_d27517